000 00820nam a2200241 a 4500
001 72909
003 BD-RjUL
005 20211209082325.0
008 170525s1969 cauaf 000 0beng d
035 _a(BD-RjUL)73127
040 _aDLC
_cDLC
_dBD-RjUL
_beng
041 _aeng
082 0 0 _a530.0924
_223
_bFEA 1969
100 1 _aFermi, Laura
_9215652
245 1 0 _aAtoms in the Family :
_bmy Life with Enrico Fermi /
_cLaura Fermi
260 _bChicago :
_aUniversity of Chicago Press,
_cc1954 [impression 1969]
300 _aix, 267 p. :
_bill. ;
_c24 cm.
500 _aReprint. Originally published: Chicago : University of Chicago Press, 1954. With new introd.
600 1 0 _aFermi, Enrico
_d1901-1954.
_9218796
650 0 _aPhysicists
_zItaly
_xBiography
_9215654
942 _2ddc
_cBK
999 _c72909
_d72909